| 000 | 00976nam a22002055i 4500 | ||
|---|---|---|---|
| 001 | 158852 | ||
| 003 | ES-MaACL | ||
| 005 | 20250626063207.0 | ||
| 008 | 000224s1878 sp a |||| | spa d | ||
| 040 |
_aCAM _bspa _cCAM |
||
| 100 | 1 |
_aMarsillach Lleonart, Joaquim, _d1859-1883 _9129547 |
|
| 245 | 1 | 0 |
_aRicardo Wagner _b: ensayo biográfico-crítico / _cpor Joaquín Marsillach Lleonart; con un prólogo epistolar del dr. José de Letamendi, en donde se legitima por la Filosofía del Arte teatral la aparición del gran reformador. |
| 260 |
_aBarcelona : _bTexido y Parera, _c[s.a.] |
||
| 300 |
_a146 p., [2] h. pleg., [2] h. de lám. ; _c20 cm. |
||
| 596 | _aPrelim. fechados en 1878. | ||
| 600 | 1 | 4 |
_aWagner, Richard, _d1813-1883- _xBiografías _9115850 |
| 700 | 1 |
_aLetamendi, José de, _d1828-1897 _971873 |
|
| 852 |
_aES-MaACL _jT-723-F-4 _z-- Enc. hol., conservando la enc. original _z-- Ded. ms. del autor a Gustavo Sáenz Díez |
||
| 999 |
_c158852 _d158852 |
||